000 00718nam a2200253Ia 4500
003 OSt
005 20220918105902.0
006 a|||||r|||| 00| 0
007 ta
008 220915b |||||||| |||| 00| 0 eng d
024 _a1579
037 _cReference Collections
040 _aARTS
_cARTS
_beng
041 _2eng
_aeng
082 _aND44,9(Q)k, L6(RR)
100 _aLibert Gosta
_94562
245 0 _aIconographic dictionary of the Indian religions
260 _aLeiden
_bEJ Brills
_c1976
300 _axviii, 377p.
490 _aStudies in South Asian Culture; 5
650 _aARTS
942 _hND44,9(Q)k, L6(RR)
_cREF
999 _c110018
_d110018